Conoce a los Pequenos Muppets / (Record no. 28332)
[ view plain ]
| 000 -LEADER | |
|---|---|
| fixed length control field | 00850nam a22002537a 4500 |
| 001 - CONTROL NUMBER | |
| control field | sjds |
| 003 - CONTROL NUMBER IDENTIFIER | |
| control field | sjds |
| 005 - DATE AND TIME OF LATEST TRANSACTION | |
| control field | 20230915204817.0 |
| 008 - FIXED-LENGTH DATA ELEMENTS--GENERAL INFORMATION | |
| fixed length control field | 230915b |||||||| |||| 00| 0 spa d |
| 020 ## - INTERNATIONAL STANDARD BOOK NUMBER | |
| International Standard Book Number | 9686048758 |
| 020 ## - INTERNATIONAL STANDARD BOOK NUMBER | |
| International Standard Book Number | 9789686048759 |
| 040 ## - CATALOGING SOURCE | |
| Transcribing agency | sjds |
| 041 ## - LANGUAGE CODE | |
| Language code of text/sound track or separate title | spa |
| 100 10 - MAIN ENTRY--PERSONAL NAME | |
| Personal name | Gikow, Louise. |
| 245 10 - TITLE STATEMENT | |
| Title | Conoce a los Pequenos Muppets / |
| Statement of responsibility, etc. | Louise Gikow ; Lauren Attinello (Illustrator), Jim Henson |
| 260 ## - PUBLICATION, DISTRIBUTION, ETC. (IMPRINT) | |
| Place of publication, distribution, etc. | Mexico : |
| Name of publisher, distributor, etc. | Sitesa, |
| Date of publication, distribution, etc. | c1989 |
| 300 ## - PHYSICAL DESCRIPTION | |
| Extent | 32 unnumbered pages : |
| Other physical details | color illustrations ; |
| Dimensions | 21 cm |
| 440 ## - SERIES STATEMENT/ADDED ENTRY--TITLE | |
| Title | Pequenos Muppets |
| 500 ## - GENERAL NOTE | |
| General note | Translation of: Meet the Muppet Babies |
| 520 ## - SUMMARY, ETC. | |
| Summary, etc. | Kermit's cardboard box becomes a cave, space station, computer, piano, and castle when the Muppet Babies use their imagination. |
| 700 10 - ADDED ENTRY--PERSONAL NAME | |
| Personal name | Attinello, Lauren. |
| Relator term | Illustrator |
| 700 10 - ADDED ENTRY--PERSONAL NAME | |
| Personal name | Henson, Jim. |
| 942 ## - ADDED ENTRY ELEMENTS (KOHA) | |
| Koha item type | Libro/Book |
| Withdrawn status | Lost status | Damaged status | Not for loan | Home library | Current library | Date acquired | Total Checkouts | Full call number | Barcode | Checked out | Date last seen | Date checked out | Price effective from | Koha item type |
|---|---|---|---|---|---|---|---|---|---|---|---|---|---|---|
| San Juan Del Sur -- Mobile | San francisco de asis | 15/09/2023 | 1 | JI | 33017430 | 19/03/2024 | 13/02/2024 | 13/02/2024 | 15/09/2023 | Libro/Book |